1965 год: т. II; Геологическая литература СССР

書誌詳細
Parent link:Геологическая литература СССР: библиографический ежегодник/ Всесоюзная геологическая библиотека. 1965 год: т. II.— , 1955-1990
その他の著者: Куликов М. В. (редактор), Соловьев С. П., Сафронов Н. И., Архангельский Б. Н., Морозов Ю. Т.
言語:ロシア語
出版事項: Ленинград, 1978
主題:
フォーマット: MixedMaterials 図書
KOHA link:https://koha.lib.tpu.ru/cgi-bin/koha/opac-detail.pl?biblionumber=103962

MARC

LEADER 00000nam2a2200000 4500
001 103962
005 20231031113820.0
035 |a (RuTPU)RU\TPU\book\112072 
035 |a RU\TPU\book\112062 
090 |a 103962 
100 |a 20061024d1978 k y0rusy50 ca 
101 0 |a rus 
102 |a RU 
105 |a y a 001zy 
200 0 |a 1965 год: т. II  |f под ред. М. В. Куликова [и др.] 
210 |a Ленинград  |d 1978 
215 |a 312 с. 
320 |a Указ. в конце кн.: с. 161-311 
461 1 |0 (RuTPU)RU\TPU\book\111984  |t Геологическая литература СССР  |o библиографический ежегодник  |f Всесоюзная геологическая библиотека  |v 1965 год: т. II  |d 1955-1990 
610 1 |a библиографические указатели 
610 1 |a геология 
610 1 |a ежегодники 
675 |a 55(с)(01)  |v 3 
686 |a Я19:55  |v LBC/SL-A  |2 rubbk 
702 1 |a Куликов  |b М. В.  |4 340 
702 1 |a Соловьев  |b С. П.  |4 340 
702 1 |a Сафронов  |b Н. И.  |4 340 
702 1 |a Архангельский  |b Б. Н.  |4 340 
702 1 |a Морозов  |b Ю. Т.  |4 340 
801 1 |a RU  |b 63413507  |c 20061023  |g PSBO 
801 2 |a RU  |b 63413507  |c 20170824  |g PSBO 
942 |c BK